Výskum predmestského osídlenia a objav drevozemného domu z 13. stor. v Trnave

Bibliographic Details
Main Authors: Urminský, Jozef, 1974- (Author), Staník, Ivan (Author)
Format: Article
Language:Slovak
Subjects:

MARC

LEADER 00000nab a2200000 a 4500
001 vtls008420114
003 SK-MaSNL
005 20260305044155.0
008 250505c2004 xo |||||||ab 0|| b|slo
015 |a SNBRA2005/12  |2 snkbucl 
035 |a (uuid)e78056cd-0dc0-44dc-8cac-eb7468c86ae8 
035 |a urn:nbn:sk:snk-abwdo 
035 |a (urnnbn)urn:nbn:sk:snk:ar-a03yt8 
038 |a SNKBUCL 
040 |a SNKBUCL  |b slo  |c SNKBUCL  |e AACR2 
041 0 |a slo  |b ger 
044 |a xo  |c SK 
080 |a 904:728  |x (437.6)  |x "11/13"  |2 1997 
080 |a 728  |x (437.6)  |x "11/13"  |2 1997 
080 |a 902.2  |x (437.6)  |2 1997 
100 1 |a Urminský, Jozef,  |d 1974-  |4 aut  |9 226899 
245 1 0 |a Výskum predmestského osídlenia a objav drevozemného domu z 13. stor. v Trnave  |c Jozef Urminský - Ivan Staník 
300 |b Fotogr. a obr. na s. 202-335, mp. a tab. na s. 14-23 
504 |a Bibliogr. odkazy 
546 |a Res. nem. 
650 0 7 |a sídliská (archeológia)  |z Trnava (Slovensko)  |y 12.-14. stor.  |2 snkbucl  |9 82216 
650 0 7 |a meštianske domy  |z Trnava (Slovensko)  |y 12.-14. stor.  |2 snkbucl  |9 1627335 
650 0 7 |a drevozemné domy  |z Trnava (Slovensko)  |y 12.-14. stor.  |2 snkbucl  |9 825513 
650 0 7 |a predmestské osídlenie  |z Trnava (Slovensko)  |y 12.-14. stor.  |2 snkbucl  |9 1627336 
651 7 |a Trnava (Slovensko)  |2 snkbucl  |9 19407 
700 1 |a Staník, Ivan  |4 aut  |9 279919 
773 0 |t Archeologické výskumy a nálezy na Slovensku v roku 2003  |d Nitra : Archeologický ústav Slovenskej akadémie vied, 2004  |g S. 189-191  |x 0231-925X  |z 8088709733 
850 |a Slovenská národná knižnica 
852 |a Slovenská národná knižnica 
954 |a odborná, vedecká literatúra pôvodná (slovenská)  |2 lita 
958 |a article2022 
958 |a NB 
958 |a OND 
958 |a EUIPO 
999 |c 3356921  |d 3358851